[Event "Club Championships"]
[Site "Wellington Chess Club"]
[Date "2017.11.16"]
[Round "9.4.7"]
[White "Benitez, Rick"]
[Black "Stannard, Bobby"]
[Result "1-0"]
[WhiteElo "1566"]
[BlackElo "1369"]

1. d4 d5 2. g3 b6 3. Bg2 Bb7 4. Nf3 c5 5. c3 g6 6. Be3 Bg7 7. dxc5 d4 8. Bxd4
Bxd4 9. Qxd4 Qxd4 10. cxd4 Nf6 11. O-O bxc5 12. dxc5 Na6 13. Nc3 Nxc5 14. Ne5
Bxg2 15. Kxg2 O-O 16. Rfd1 Rab8 17. b3 Rfd8 18. Nc6 Rxd1 19. Rxd1 Rb7 20. f3
Rc7 21. Na5 Nxb3 22. Nxb3 Rxc3 23. Rd2 h5 24. Nd4 Kg7 25. Nb5 Re3 26. Nxa7 g5
27. Nc6 e5 28. Ne7 Ra3 29. e4 h4 30. gxh4 gxh4 31. Nf5+ Kh7 32. Nxh4 Nh5 33.
Rf2 Nf4+ 34. Kg3 Nh5+ 35. Kg4 Nf4 36. Ng2 Nd3 37. Rd2 Nc5 38. Ne1 Kg6 39. h4 f6
40. h5+ Kg7 41. Kf5 Ra6 42. Rg2+ Kh6 43. Rg6+ Kh7 44. Rxf6 Rxf6+ 45. Kxf6 Kh6
46. Kxe5 Kxh5 47. f4 Kg6 48. f5+ Kf7 49. Kd5 Nd7 50. a4 Nb6+ 51. Kd4 Nxa4 52.
Nd3 Nb6 53. Nc5 Nc8 54. Ke3 Nd6 55. Kf4 Ke7 56. e5 Ne8 57. f6+ Kf8 58. Kf5 Kg8
59. Kg6 Kf8 60. e6 Kg8 61. f7+ Kf8 62. fxe8=Q+ Kxe8 63. Kf6 Kf8 64. Na6 Ke8 65.
e7 Kd7 66. Kf7 1-0

[Event "Club Championships"]
[Site "Wellington Chess Club"]
[Date "2017.11.16"]
[Round "9.4.8"]
[White "Asher, Bruce"]
[Black "Nagrecha, Prashant"]
[Result "1-0"]
[WhiteElo "1258"]
[BlackElo "899"]

1. d4 Nc6 2. Nf3 f6 3. e4 e6 4. Nc3 g5 5. Bb5 g4 6. Nh4 Nb4 7. g3 Nh6 8. Bf4 c6
9. Ba4 Bg7 10. Qd2 Nf7 11. O-O Qe7 12. Qe2 e5 13. Nf5 Qf8 14. Qxg4 exf4 15.
Nxg7+ Ke7 16. Nf5+ Ke8 17. Qxf4 {etc} 1-0

[Event "Club Championships"]
[Site "Wellington Chess Club"]
[Date "2017.11.23"]
[Round "10.1.1"]
[White "Ker, Anthony"]
[Black "Perry, Roger"]
[Result "1-0"]
[WhiteElo "2489"]
[BlackElo "2124"]

1. e4 e5 2. Nf3 Nc6 3. d4 exd4 4. Nxd4 Nf6 5. Nxc6 bxc6 6. e5 Qe7 7. Qe2 Nd5 8.
c4 Nb6 9. Nc3 Ba6 10. b3 O-O-O 11. Bb2 Re8 12. O-O-O Qxe5 13. Qd2 Qe6 14. c5
Bxf1 15. cxb6 cxb6 16. Rhxf1 d5 17. Rfe1 Qd7 18. Nxd5 cxd5 19. Rxe8+ Qxe8 20.
Qxd5 Bc5 21. Be5 Qc6 22. Qxc6# 1-0

[Event "Club Championships"]
[Site "Wellington Chess Club"]
[Date "2017.11.23"]
[Round "10.1.2"]
[White "Dive, Russell"]
[Black "Jackson, Ross"]
[Result "1-0"]
[WhiteElo "2434"]
[BlackElo "2020"]

1. Nf3 c5 2. c4 g6 3. Nc3 Bg7 4. d4 cxd4 5. Nxd4 Nf6 6. e4 d6 7. Be2 Nc6 8. Nc2
b6 9. O-O Bb7 10. Bg5 O-O 11. Rc1 Rc8 12. Ne3 h6 13. Bh4 h5 14. h3 Ne5 15. f4
Ned7 16. Bf3 Nc5 17. Qc2 Ne6 18. Rcd1 Nd7 19. Ncd5 Bxd5 20. Nxd5 Nd4 21. Qf2
Nxf3+ 22. Qxf3 Bf6 23. Nxf6+ Nxf6 24. e5 Ne8 25. f5 Rxc4 26. fxg6 Rxh4 27.
gxf7+ Kh8 28. fxe8=Q Rxe8 29. Qe3 Rf8 30. Qh6+ 1-0

[Event "Club Championships"]
[Site "Wellington Chess Club"]
[Date "2017.11.23"]
[Round "10.1.3"]
[White "Nijman, Brian"]
[Black "Croad, Nicolas"]
[Result "0-1"]
[WhiteElo "2393"]
[BlackElo "2393"]

1. g3 Nf6 2. Bg2 d5 3. c4 e6 4. Nf3 Be7 5. O-O O-O 6. cxd5 exd5 7. d3 c6 8. a3
a5 9. Qc2 Bf5 10. b3 Nbd7 11. Bb2 Re8 12. h3 h6 13. Nbd2 Bc5 14. Nh4 Bh7 15. e4
dxe4 16. dxe4 Qe7 17. Nf5 Bxf5 18. exf5 Rad8 19. Qc3 Qe5 20. g4 Qf4 21. Nf3 Re2
22. Rad1 Rxf2 23. Rxf2 Bxf2+ 24. Kf1 Bb6 25. Qc4 Ne4 26. Bd4 Ne5 0-1

[Event "Club Championships"]
[Site "Wellington Chess Club"]
[Date "2017.11.23"]
[Round "10.2.1"]
[White "Brockway, Andrew"]
[Black "Chen, Wei Kai"]
[Result "0-1"]
[WhiteElo "1899"]
[BlackElo "1813"]

1. e4 e5 2. Nf3 Nc6 3. Bb5 Nf6 4. O-O d6 5. Re1 Bg4 6. d3 Be7 7. Nbd2 O-O 8.
Bxc6 bxc6 9. Nf1 Nd7 10. h3 Be6 11. Ng3 f6 12. d4 Nb6 13. b3 a5 14. a4 Qe8 15.
Qe2 c5 16. d5 Bd7 17. Nd2 f5 18. exf5 Nxd5 19. Qc4 Qf7 20. Nf3 Nb4 21. Qxf7+
Rxf7 22. Re2 Bxf5 23. Nxf5 Rxf5 24. Ba3 Nd5 25. Bc1 Nf4 26. Bxf4 Rxf4 27. Nd2
Kf7 28. Nc4 Ke6 29. Rd1 Bf6 30. Ne3 c6 31. g3 Rd4 32. Rxd4 cxd4 33. Ng4 Rb8 34.
Nxf6 gxf6 35. Rd2 c5 36. Rd1 c4 37. Rb1 d3 38. cxd3 cxb3 39. Kf1 Kd5 40. Ke2
Kc5 41. Kd2 Kb4 42. f4 Kxa4 43. Ra1+ Kb4 44. fxe5 dxe5 45. Rc1 b2 46. Rb1 Ka3
0-1

[Event "Club Championships"]
[Site "Wellington Chess Club"]
[Date "2017.11.23"]
[Round "10.3.1"]
[White "Thorpe, Richard"]
[Black "Winter, Ryan"]
[Result "0-1"]
[WhiteElo "1727"]
[BlackElo "1711"]

1. e4 c6 2. d4 d5 3. Bd3 dxe4 4. Bxe4 Nf6 5. Qd3 Nxe4 6. Qxe4 Nd7 7. Nf3 Nf6 8.
Qd3 g6 9. Ne5 Bg7 10. Be3 O-O 11. Nc3 Bf5 12. Qe2 Qa5 13. f3 Nd5 14. g4 Nxe3
15. Qxe3 Be6 16. h4 c5 17. dxc5 Rac8 18. O-O-O Rxc5 19. Nd7 Bxd7 20. Rxd7 Bxc3
21. bxc3 Rxc3 22. Qd4 Rfc8 23. Rh2 R3c4 24. Qe3 Qxa2 25. Kd1 Rxc2 26. Rxc2
Qxc2+ 27. Ke1 0-1

[Event "Club Championships"]
[Site "Wellington Chess Club"]
[Date "2017.11.23"]
[Round "10.3.2"]
[White "Rabina, Romeo"]
[Black "Wight, Joshua"]
[Result "1/2-1/2"]
[WhiteElo "1767"]
[BlackElo "1609"]

1. b3 e5 2. Bb2 d6 3. e3 Nc6 4. Bb5 Bd7 5. d4 exd4 6. exd4 Be7 7. Nf3 Bf6 8.
O-O Nge7 9. Re1 a6 10. Be2 O-O 11. Na3 Nd5 12. Qd2 Qc8 13. c4 Nde7 14. d5 Ne5
15. Nxe5 Bxe5 16. Bd3 Bxb2 17. Qxb2 Ng6 18. Bxg6 fxg6 19. Re7 Rf7 20. Rae1 Kf8
21. Qe2 Qd8 22. Rxf7+ Kxf7 23. Nb1 Qf6 24. Nd2 Re8 25. Qd1 Rxe1+ 26. Qxe1 Bf5
27. h3 Qg5 28. Qe3 Qf6 29. Qe1 1/2-1/2

[Event "Club Championships"]
[Site "Wellington Chess Club"]
[Date "2017.11.23"]
[Round "10.3.3"]
[White "Stracy, Don"]
[Black "Dixon, Hamish"]
[Result "1-0"]
[WhiteElo "1737"]
[BlackElo "1697"]

1. e4 c5 2. Nf3 d6 3. d4 cxd4 4. Nxd4 Nc6 5. Nc3 g6 6. Be3 Bg7 7. Qd2 Nf6 8. f3
O-O 9. Bc4 Na5 10. Bb3 Nxb3 11. Nxb3 Be6 12. O-O-O a5 13. Kb1 a4 14. Nd4 Bc4
15. h4 Qa5 16. g4 h5 17. gxh5 Nxh5 18. f4 e5 19. Nde2 exf4 20. Nxf4 Bxc3 21.
Qxc3 Qxc3 22. bxc3 Ng3 23. Rhe1 Nxe4 24. Bd4 d5 25. Nd3 f5 26. Nf4 Ra6 27. Rg1
Kh7 28. Rg2 Rg8 29. Rdg1 Rc6 30. Nh3 g5 31. Nxg5+ Nxg5 32. hxg5 Rgg6 33. Rh2+
Kg8 34. Rh8+ Kf7 35. Rh7+ Ke8 36. Rxb7 Kd8 37. Rh1 Rg8 38. Rhh7 Kc8 39. Ra7 1-0

[Event "Club Championships"]
[Site "Wellington Chess Club"]
[Date "2017.11.30"]
[Round "10.1.2"]
[White "Nyberg, Michael"]
[Black "Croad, Nicolas"]
[Result "0-1"]
[WhiteElo "2101"]
[BlackElo "2393"]

1. d4 Nf6 2. Nf3 e6 3. g3 b6 4. Bg2 Bb7 5. b3 Bb4+ 6. c3 Be7 7. Nbd2 O-O 8. Qc2
c5 9. Bb2 Nc6 10. dxc5 Bxc5 11. O-O Rc8 12. Rad1 d5 13. Qb1 Ba6 14. Rfe1 e5 15.
a4 e4 16. Nd4 Nxd4 17. cxd4 Bb4 18. Bh3 Rc7 19. Bc1 Qe7 20. Kg2 h5 21. Nf1 Bxe1
22. Rxe1 Bc8 23. Bxc8 Rfxc8 24. Bf4 Rc2 25. Ne3 R2c6 26. b4 Qd7 27. h3 Nh7 28.
Qa2 Rd8 29. g4 hxg4 30. hxg4 Nf6 31. f3 Rc3 32. Nf5 Rdc8 33. fxe4 Rc2 34. Qb3
R8c3 35. Qb1 Nxe4 36. b5 g6 37. Nh6+ Kg7 38. Qb4 Qe6 39. Be5+ f6 40. Nf5+ gxf5
41. gxf5 Qd7 42. Rg1 Kf7 43. Kh1 Rh3+ 44. Kg2 Qxf5 0-1

[Event "Club Championships"]
[Site "Wellington Chess Club"]
[Date "2017.11.30"]
[Round "11.1.1"]
[White "Forster, Bill"]
[Black "Perry, Roger"]
[Result "1-0"]
[WhiteElo "2093"]
[BlackElo "2124"]

1. d4 Nf6 2. c4 g6 3. Nc3 d5 4. cxd5 {I spent a couple of hours preparing an
Anti-Grunfeld only to play this on auto-pilot. I almost asked Roger if I could
have it back I was so annoyed with myself. Fortunately sanity prevailed and I
hung on to the remains of my dignity and managed to play down the modern main
line, having studied it in recent years. But I don't really like it and I never
seem to get good positions} 4... Nxd5 5. e4 Nxc3 6. bxc3 Bg7 7. Nf3 c5 8. Rb1
O-O 9. Be2 cxd4 10. cxd4 Qa5+ 11. Bd2 Qxa2 12. O-O Bg4 13. Be3 Nc6 {This is all
very much theory - Roger hadn't used any time, I was kind of remembering and
kind of making it up. Let's just say I remembered the outlines (eg you need to
sac the a-pawn) and made the rest up. But I really wasn't happy. Aren't I just
a pawn down? I can capture on b7 but the problem is that Black has two rooks
ready to go and I have only one. Suddenly a thought occurred, maybe Roger will
let me perpetually check his queen.} 14. Ra1 ( {Aronian (2802) -
Vachier-Lagrave (2804), Tbilisi GEO 2017, 1/2-1/2 in 32 moves shows how real
players handle this sort of position} 14. d5 Na5 15. Bg5 b6 16. Bxe7 Rfe8 17.
d6 Nc6 18. Bb5 Nxe7 19. h3 Bxf3 20. Qxf3 Qe6 21. Bxe8 Rxe8 22. dxe7 Qxe7 23.
Rfd1 Bf8 24. Rbc1 Qxe4 25. Qc3 Qb4 26. Qa1 Bc5 27. Qxa7 Qb2 28. Kh1 Bxf2 29.
Qb7 Qe2 30. Rf1 Rf8 31. Qc6 Bc5 32. Rce1) 14... Qb2 15. Rb1 Qa3 {Doh! no such
luck} 16. Rxb7 {At least now with Black's Queen not attacking my Be2 my Queen
is freer and there's a chance for all my majors to get in the game quickly.}
16... Bxf3 17. Bxf3 Rfd8 {A key moment. I remembered White is supposed to
advance his centre pawns in these sort of positions} 18. e5 $2 {The wrong one.
I should have followed Aronian and played d5 when I am apparently slightly
better.} 18... Nxe5 $1 {Of course}  ( {As is often the case I was trying to be
too clever, I had found a combo for Black and a counter combo for me giving up
the Queen but getting a material advantage} 18... Nxd4 19. Bxd4 Bxe5 20. Bxe5
Rxd1 21. Rxd1 {But this is all nonsense, Roger's obvious move is much better
and the Rb3 resource in the game is an improvement in the middle of the queen
sac line too.} ) 19. Be4 {Played with no enthusiasm at all, I just thought I
should avoid exchanges now I was material down with a broken centre to boot. I
hadn't noticed I was threatening anything} 19... f5 $2 {Neither did Roger} 20.
Rb3 {I almost meekly retreated the Bishop but noticed the strength of this move
just in time. But only after playing it and staring at the position for quite a
while waiting for Roger's reply did I realise I was winning a rook. I capture
on a8 and if Roger recaptures I can just take the knight. Roger studied the
position for a long time and eventually resigned. But when I got home the
computer immediately points out}  (20. Rb3 Qd6 $1 21. Bxa8 Ng4 $1 {and the mate
threat means Roger gets a piece back after all with only a tiny material
deficit of exchange for a pawn. 15 moves of theory then 5 moves of mutual
stupidity!} ) 1-0

[Event "Club Championships"]
[Site "Wellington Chess Club"]
[Date "2017.11.30"]
[Round "11.2.1"]
[White "Coghini, Phillip"]
[Black "Brockway, Andrew"]
[Result "1-0"]
[WhiteElo "1888"]
[BlackElo "1899"]

1. d4 Nf6 2. c4 e6 3. Nf3 Bb4+ 4. Bd2 Qe7 5. g3 Nc6 6. Nc3 d6 7. e3 O-O 8. Bg2
e5 9. d5 Nb8 10. Qc2 Bxc3 11. Bxc3 a5 12. O-O Nbd7 13. e4 Ne8 14. Nd2 Nc5 15.
f4 f5 16. fxe5 dxe5 {Can't read the rest, White won} 1-0

[Event "Club Championships"]
[Site "Wellington Chess Club"]
[Date "2017.11.30"]
[Round "11.3.1"]
[White "Dixon, Hamish"]
[Black "Thorpe, Richard"]
[Result "1-0"]
[WhiteElo "1697"]
[BlackElo "1727"]

1. e4 e5 2. Nf3 Nc6 3. d4 exd4 4. c3 dxc3 5. Nxc3 Bb4 6. Bc4 Bxc3+ 7. bxc3 Qf6
8. Bb2 Ne5 9. Nxe5 Qxe5 10. O-O Nf6 11. Qb3 O-O 12. f3 d6 13. Rf2 Be6 14. Bxe6
fxe6 15. Qxb7 Qc5 (15... Ng4 $1) 16. Qb4 Qxb4 17. cxb4 Rfb8 18. Bc3 Kf7 19. Rc2
Nd7 20. Bd2 Rb7 21. Rac1 c5 22. bxc5 Nxc5 23. Be3 Rc8 24. e5 Rcb8 25. exd6 Nd3
26. Rc7+ Ke8 27. d7+ Ke7 28. Bg5+ Kd6 29. Rxb7 1-0

[Event "Club Championships"]
[Site "Wellington Chess Club"]
[Date "2017.11.30"]
[Round "11.3.2"]
[White "Wight, Joshua"]
[Black "Forlong-Ford, Colwyn"]
[Result "1-0"]
[WhiteElo "1609"]
[BlackElo "1738"]

1. e4 e5 2. Nf3 Nf6 3. Nc3 Nc6 4. Bc4 Bb4 5. d3 Bxc3+ 6. bxc3 O-O 7. Ba3 d6 8.
Ng5 h6 9. Nxf7 Rxf7 10. Bxf7+ Kxf7 11. h3 g6 12. Qd2 Kg7 13. O-O-O Nh5 14. g3
Be6 15. Kb1 Qg8 16. Bc1 Qh8 17. Rdg1 Rf8 18. Qe1 Rf3 19. g4 Nf4 20. Rg3 Rxg3
21. fxg3 Nxh3 22. Rxh3 g5 23. Bxg5 1-0

[Event "Club Championships"]
[Site "Wellington Chess Club"]
[Date "2017.11.30"]
[Round "11.3.3"]
[White "Rabina, Romeo"]
[Black "Wevers, Alexis"]
[Result "0-1"]
[WhiteElo "1767"]
[BlackElo "1654"]

1. b3 d5 2. Bb2 Bf5 3. e3 e6 4. Nf3 Nf6 5. Be2 Be7 6. O-O h6 7. Qc1 Nbd7 8. Na3
O-O 9. c4 Nc5 10. Ne1 a5 11. Nb5 a4 12. b4 Na6 13. a3 c5 14. Nc3 cxb4 15. Nxa4
dxc4 16. axb4 Bxb4 17. Bc3 b5 18. Bxf6 Qxf6 19. Nb6 Ra7 20. Rxa6 Rxa6 21. Nd7
Qd8 22. Nxf8 Kxf8 23. d4 Ra2 24. Bd1 Bd2 0-1

[Event "Summer Cup"]
[Site "Wellington Chess Club"]
[Date "2018.01.25"]
[Round "1.01"]
[White "Forlong-Ford, Colwyn"]
[Black "Ker, Anthony"]
[Result "0-1"]
[WhiteElo "1719"]
[BlackElo "2488"]

1. e4 c5 2. Bc4 e6 3. Nc3 Nc6 4. Nf3 g6 5. d4 cxd4 6. Nxd4 a6 7. Nxc6 dxc6 8.
Qxd8+ Kxd8 9. Bg5+ f6 10. O-O-O+ Kc7 11. Be3 b5 12. Bb3 c5 13. a4 c4 14. Ba2
Bd7 15. axb5 axb5 16. Kb1 Bc6 17. f3 Bd6 18. b3 Be5 19. Bd4 b4 20. Bxe5+ fxe5
21. Na4 c3 22. Nc5 Ne7 23. Nd3 Rhb8 24. Nxe5 Bb5 25. Rd4 Nc6 0-1

[Event "Summer Cup"]
[Site "Wellington Chess Club"]
[Date "2018.01.25"]
[Round "1.02"]
[White "Dive, Russell"]
[Black "Stracy, Don"]
[Result "1-0"]
[WhiteElo "2443"]
[BlackElo "1710"]

1. Nf3 Nf6 2. c4 g6 3. g3 Bg7 4. Bg2 O-O 5. O-O c6 6. d4 d5 7. Qb3 dxc4 8. Qxc4
Nbd7 9. Nc3 Nb6 10. Qd3 Be6 11. h3 Nfd5 12. Rd1 Nxc3 13. bxc3 Bc4 14. Qc2 e6
15. a4 Qc8 16. e4 Re8 17. Be3 Nd7 18. Nd2 Ba6 19. e5 c5 20. Ne4 { {Black
resigns!? 20... cxd4 21. Bxd4 (21. Nd6 d3!) 21... Nxe5 22. Nd6 Qc7 is not too
bad )  } 1-0

[Event "Summer Cup"]
[Site "Wellington Chess Club"]
[Date "2018.01.25"]
[Round "1.03"]
[White "List, Robert"]
[Black "Timergazi, Layla"]
[Result "0-1"]
[WhiteElo "1703"]
[BlackElo "2133"]

1. e4 c6 2. d4 d5 3. e5 c5 4. c3 Nc6 5. Be3 cxd4 6. cxd4 Bf5 7. Nc3 e6 8. Nge2
a6 9. a3 Rc8 10. Ng3 Bg6 11. h4 h6 12. h5 Bh7 13. Bd3 Bxd3 14. Qxd3 Na5 15. O-O
Nc4 16. b4 b5 17. Qe2 Be7 18. Rfc1 Bh4 19. Qg4 Kf8 20. a4 Bxg3 21. Qxg3 Qb6 22.
axb5 axb5 23. Ne2 Ne7 24. Qf3 Nc6 25. Nf4 Kg8 26. Nxd5 exd5 27. Qxd5 Nxb4 28.
Qd7 Rd8 29. Qf5 Nd5 30. Rab1 Ndxe3 31. fxe3 Nxe3 32. Qh3 Qxd4 33. Kh1 Ng4 34.
Qg3 b4 35. e6 fxe6 36. Rf1 Ne3 37. Rf4 Qd3 38. Rbxb4 Qd1+ 39. Kh2 Nf1+ 40. Rxf1
Qxf1 41. Rf4 Qb5 42. Qg6 Qe8 43. Qg4 Rd5 0-1

[Event "Summer Cup"]
[Site "Wellington Chess Club"]
[Date "2018.01.25"]
[Round "1.04"]
[White "Croad, Nicolas"]
[Black "Wevers, Alexis"]
[Result "1-0"]
[WhiteElo "2407"]
[BlackElo "1614"]

1. e4 c6 2. d4 d5 3. e5 Bf5 4. Nd2 e6 5. Nb3 Nd7 6. Nf3 f6 7. exf6 Ngxf6 8. Bf4
Be7 9. Bd3 Ne4 10. h3 O-O 11. Bh2 c5 12. dxc5 Ndxc5 13. O-O Qb6 14. Qe2 Nxd3
15. cxd3 Nc5 16. Nxc5 Bxc5 17. Rac1 Rae8 18. Be5 Bd6 19. Rc3 Bxe5 20. Nxe5 d4
21. Rc4 Qa5 22. Rxd4 Qxa2 23. Rd7 Qa6 24. Rc1 Rd8 25. Rcc7 Rxd7 26. Rxd7 Qb5
27. Rc7 Rd8 28. g4 Bxd3 29. Nxd3 Qxd3 30. Qe5 Qg6 31. Rxb7 Rd1+ 32. Kh2 Qf6 33.
Rb8+ Kf7 34. Qh5+ Qg6 35. Qc5 Kf6 36. Rf8+ 1-0

[Event "Summer Cup"]
[Site "Wellington Chess Club"]
[Date "2018.01.25"]
[Round "1.05"]
[White "Hall, Nathan"]
[Black "Nyberg, Michael"]
[Result "1/2-1/2"]
[WhiteElo "1559"]
[BlackElo "2149"]

1. d4 Nf6 2. Bf4 g6 3. e3 b6 4. Nf3 Bb7 5. Nbd2 Bg7 6. Bd3 d6 7. c3 Nbd7 8. e4
c5 9. d5 O-O 10. Qc2 Rc8 11. h3 a6 12. c4 Re8 13. O-O Nf8 14. e5 Nh5 15. Bh2
dxe5 16. Nxe5 Nd7 17. Ndf3 Nhf6 18. Rfe1 Nxe5 19. Nxe5 Nd7 20. Rad1 Nxe5 21.
Bxe5 Bxe5 22. Rxe5 Qd6 23. Rde1 Rcd8 24. R1e3 Bc8 25. Qe2 Kf8 26. Qf3 f6 27.
Qf4 Kg8 28. Qh6 fxe5 29. Rg3 e4 30. Bxe4 e5 $4 (30... Qxg3 31. fxg3 Rd6) 31.
Bxg6 hxg6 32. Rxg6+ Qxg6 33. Qxg6+ Kh8 34. h4 Rf8 35. Qh6+ Kg8 36. Qg6+ Kh8 37.
Qh6+ Kg8 38. Qg6+ 1/2-1/2

[Event "Summer Cup"]
[Site "Wellington Chess Club"]
[Date "2018.01.25"]
[Round "1.06"]
[White "Pomeroy, Arthur"]
[Black "Darr, Samuel"]
[Result "0-1"]
[WhiteElo "2092"]
[BlackElo "1545"]

1. e4 e6 2. d4 d5 3. Nc3 Bb4 4. e5 c5 5. a3 Ba5 6. b4 cxb4 $6 (6... cxd4 {is
normal, cxb4 has been tried with limited success} ) 7. Nb5 $1 bxa3+ 8. c3 Bc7
{to stop the unpleasant-looking Nd6+} 9. Qg4 g6 10. Bg5 {White looks dominant,
but black continues to find the best defences} 10... Qd7 11. Bd3 a6 12. Rxa3 h6
13. Qh4 b6 14. Ne2 Bb7 15. Nxc7+ Qxc7 16. O-O Nc6 17. Nf4 Nce7 18. Bf6 Nxf6 19.
Qxf6 Rg8 20. Rfa1 a5 21. Rb1 Ba6 22. Bc2 b5 23. Nd3 {Hoping to gain an outpost
on c5, but it never makes it there} 23... b4 $1 24. Rab3 (24. Ba4+ Kd8 25. cxb4
Bxd3 26. Rxd3 axb4 27. Bd1 $10 (27. Rxb4 $2 Rxa4 {black has back rank mate
threatened} ) ) 24... Bxd3 ( {better is} 24... Bc4 25. R3b2 Bxd3 26. Bxd3 Qxc3)
25. Bxd3 bxc3 $4 {allows white's next move} 26. Rb7 Qd8 27. Bb5+ $2 (27. R1b6
$1 {is totally winning} ) 27... Kf8 28. Rd7 Qe8 29. Rc7 Qd8 30. Rd7 Qe8 31. Rb7
Qd8 32. Ba4 Rg7 33. Rd7 Qe8 34. Qf3 $2 (34. Ra7 $1 Qd8 $2 35. Qxe7+ $1 {would
be a pretty finish} ) 34... Rb8 35. Rxb8 Qxb8 36. Bc2 $2 (36. h4 Qb1+ 37. Kh2
Kg8 38. Qxc3 $10 (38. Rxe7 c2 $10) ) 36... Qc8 37. Ba4 $2 {37 ....c2 38. Bxc2
Qxd7 wins for black } 0-1

[Event "Summer Cup"]
[Site "Wellington Chess Club"]
[Date "2018.01.25"]
[Round "1.07"]
[White "Meravanage, Satwik"]
[Black "Sellen, Ian"]
[Result "0-1"]
[WhiteElo "1541"]
[BlackElo "2067"]

1. e4 e6 2. d4 d5 3. e5 c5 4. c3 Nc6 5. Nf3 Bd7 6. Be2 Qb6 7. O-O a5 8. Na3 Be7
9. Nb5 Na7 10. dxc5 Bxc5 11. Qb3 Nxb5 12. a4 Nd4 13. Nxd4 Bxd4 14. Bb5 Bc5 15.
c4 Bxb5 16. cxb5 Ne7 17. Qg3 Nf5 18. Qh3 O-O 19. Kh1 f6 20. g4 Nd4 21. g5 fxe5
0-1

[Event "Summer Cup"]
[Site "Wellington Chess Club"]
[Date "2018.01.25"]
[Round "1.08"]
[White "Jackson, Ross"]
[Black "Tagos, Bernardo"]
[Result "1/2-1/2"]
[WhiteElo "2013"]
[BlackElo "1496"]

1. d4 d5 2. c4 Nf6 3. cxd5 Nxd5 4. e4 Nb6 5. Nf3 Bg4 6. Be2 N8d7 7. Nc3 e6 8.
O-O Be7 9. Be3 O-O 10. Rc1 c6 11. h3 Bxf3 12. gxf3 Bh4 13. b3 Qf6 14. f4 Qg6+
15. Kh2 f5 16. Rg1 Qf7 17. f3 Nf6 18. Bd3 Nh5 19. Ne2 Rad8 20. Qf1 Nd7 21. Rd1
Ndf6 22. a4 a6 23. Bc2 Qc7 24. Kh1 Kh8 25. Qg2 Rd7 26. Rd2 Ne8 27. Rgd1 Rf6 28.
Rg1 Rg6 29. Qf1 Rxg1+ 30. Qxg1 Rf7 31. e5 Qa5 32. Qd1 Qd5 33. Nc3 Qd8 34. Ne2
Nc7 35. Rd3 Nd5 36. Qg1 Qc7 37. Qc1 Nxe3 38. Qxe3 Qa5 39. Rd1 Rd7 40. Bd3 Qb4
41. Bc4 Re7 42. Qd3 Ng3+ 43. Nxg3 Bxg3 44. Qe3 b5 45. axb5 axb5 46. Bf1 h5 47.
Qd3 Bxf4 48. Ra1 Qd2 49. Qe2 Qxd4 50. Rd1 Qe3 51. Qxe3 Bxe3 52. Rd6 Rc7 53.
Rxe6 Kg8 54. Rg6 Bh6 55. Bd3 f4 56. Be4 c5 57. Rb6 b4 58. Bd5+ Kf8 59. Rb8+ Ke7
60. Rb6 Ra7 61. Rb5 Ra1+ 62. Kg2 Rc1 63. Rb7+ Kd8 64. Bc4 Rc2+ 65. Kg1 Rc1+ 66.
Kg2 Rc2+ 67. Kg1 Rc1+ 1/2-1/2

[Event "Summer Cup"]
[Site "Wellington Chess Club"]
[Date "2018.01.25"]
[Round "1.09"]
[White "He, Caleb"]
[Black "Rossiter, Philip"]
[Result "0-1"]
[WhiteElo "1485"]
[BlackElo "1969"]

1. e4 c5 2. Nf3 d6 3. d4 cxd4 4. Qxd4 a6 5. c4 Nc6 6. Qd2 Qc7 7. Nc3 e6 8. Be2
Nf6 9. O-O Bd7 10. Nd4 Be7 11. a3 O-O 12. Nxc6 Bxc6 13. f3 Rfd8 14. b4 d5 15.
exd5 exd5 16. c5 d4 17. Nd1 Qd7 18. Nf2 Nd5 19. Bb2 Ne3 20. Rfe1 Bh4 21. g3 Bf6
22. Nd1 Qf5 23. Qd3 Qh3 24. Nf2 Qg2# 0-1

[Event "Summer Cup"]
[Site "Wellington Chess Club"]
[Date "2018.01.25"]
[Round "1.11"]
[White "Stannard, Lars"]
[Black "Brockway, Andrew"]
[Result "0-1"]
[WhiteElo "1403"]
[BlackElo "1913"]

1. d4 Nf6 2. c4 e6 3. Nc3 Bb4 4. Bd2 Nc6 5. e3 O-O 6. Nf3 d6 7. Bd3 e5 8. dxe5
dxe5 9. Be4 Bxc3 10. Bxc6 Bxd2+ 11. Nxd2 bxc6 12. O-O Be6 13. Qc2 Qe7 14. b3
Rfd8 15. Nf3 Bg4 16. Nd2 Be2 17. Rfe1 Bd3 18. Qc3 Ne4 19. Nxe4 Bxe4 20. f3 Bg6
21. e4 Qc5+ 22. Kh1 Rd7 23. b4 Qd4 24. Qb3 Qd3 25. Qxd3 Rxd3 26. c5 Rad8 27. h3
f6 28. a4 a6 29. Rab1 Bf7 30. b5 cxb5 31. axb5 axb5 32. Rxb5 Rb3 33. Ra5 Kf8
34. Rc1 Rbb8 35. Kh2 Ra8 36. Rca1 Rxa5 37. Rxa5 Ke7 38. Kg3 Bc4 39. Ra7 Kd7 40.
f4 exf4+ 41. Kxf4 Bb5 42. Kf5 Re8 43. Ra3 Re5+ 44. Kf4 Rxc5 45. Ra5 Re5 0-1

[Event "Summer Cup"]
[Site "Wellington Chess Club"]
[Date "2018.01.25"]
[Round "1.13"]
[White "Stannard, Bobby"]
[Black "Benitez, Edgar"]
[Result "0-1"]
[WhiteElo "1350"]
[BlackElo "1819"]

1. d4 d5 2. c4 e6 3. Nc3 Nf6 4. Bg5 c6 5. Nf3 Be7 6. e3 Nbd7 7. Bd3 dxc4 8.
Bxc4 O-O 9. O-O a6 10. e4 b5 11. Bb3 b4 12. Ne2 Nxe4 13. Bxe7 Qxe7 14. a3 bxa3
15. Rxa3 Bb7 16. Qd3 c5 17. d5 exd5 18. Bxd5 Bxd5 19. Qxd5 Ndf6 20. Qc6 Rfc8
21. Qb6 Rcb8 22. Qc6 Rc8 23. Qb6 Nd5 24. Qb3 c4 25. Qd1 Rd8 26. Ned4 Qc5 27.
Re1 Nef6 28. Re5 Qb6 29. Qa4 Qxb2 30. Ra1 c3 31. Rae1 h6 32. Qc4 Rac8 33. Qf1
c2 34. R5e2 Nb4 35. Nxc2 Rxc2 36. Re5 Nd3 37. g4 Nxe1 38. Qxe1 Rc1 39. Qxc1
Qxc1+ 40. Kg2 Nxg4 41. Re4 Nf6 42. Re5 Qf4 43. h3 Rd3 44. Rc5 Qxf3+ 45. Kg1
Rd1+ 46. Kh2 Rh1# 0-1

[Event "Summer Cup"]
[Site "Wellington Chess Club"]
[Date "2018.01.25"]
[Round "1.16"]
[White "Sole, Michael"]
[Black "Asher, Bruce"]
[Result "1-0"]
[WhiteElo "1801"]
[BlackElo "1268"]

1. e4 e5 2. Nf3 Nc6 3. Bb5 a6 4. Ba4 Nf6 5. d3 Bb4+ 6. c3 Ba5 7. Bxc6 bxc6 8.
Nxe5 O-O 9. O-O h6 10. Re1 Qe7 11. d4 Bb7 12. Qb3 Bb6 13. Ng6 Qe6 14. Qxe6 fxe6
15. Nxf8 Rxf8 16. b4 a5 17. Ba3 axb4 18. Bxb4 Rf7 19. Nd2 d6 20. Nb3 e5 21.
dxe5 Ng4 22. exd6 cxd6 23. Bxd6 Bxf2+ 24. Kh1 Bxe1 25. Rxe1 Nf2+ 26. Kg1 Ba6
27. Nc5 Bc4 28. a4 Rf6 29. e5 Rf5 30. e6 Nd3 31. Nxd3 Bxd3 32. e7 1-0